Introduction to information systems project management
Αποθηκεύτηκε σε:
| Κύριος συγγραφέας: | |
|---|---|
| Μορφή: | Βιβλίο |
| Γλώσσα: | English |
| Δημοσίευση: |
Boston :
McGraw-Hill,
2003
|
| Έκδοση: | 2nd ed. |
| Θέματα: | |
| Ετικέτες: |
Προσθήκη ετικέτας
Δεν υπάρχουν, Καταχωρήστε ετικέτα πρώτοι!
|
MARC
| LEADER | 00000cam a2200000 i 4500 | ||
|---|---|---|---|
| 001 | 1/20636 | ||
| 008 | 051212s2003 eng d | ||
| 020 | |a 0-07-123261-3 | ||
| 035 | |l 10081665 | ||
| 040 | |a GR-MY-UA |b gre |e aacr | ||
| 041 | 0 | |a eng | |
| 082 | 0 | |a 658.4038011 |2 (22) | |
| 100 | 1 | |a Olson, David Louis. | |
| 245 | 1 | 0 | |a Introduction to information systems project management / |c David L. Olson |
| 250 | |a 2nd ed. | ||
| 260 | |a Boston : |b McGraw-Hill, |c 2003 | ||
| 300 | |a 314 σ.; |b διαγρ., πίν.; |c 23 εκ.+ |e 1 οπτική δισκέτα λέϊζερ 4 3/4 ίν. | ||
| 500 | |a International edition | ||
| 500 | |a Μαζί με την παρούσα έκδοση, διατίθεται συνοδευτικό cdrom | ||
| 504 | |a Περιλαμβάνονται βιβλιογραφικές αναφορές και ευρετήριο | ||
| 650 | 0 | 0 | |a Information resources management. |
| 650 | 0 | 0 | |a Management information systems. |
| 650 | 0 | 0 | |a Information systems. |
| 852 | |a INST |b CHIOS |e 20051212 |h 658.4038011 OLS |p 005200024409 |q 005200024409 |t BK |y 0 | ||
| 852 | |a INST |b CHIOS |e 20051212 |h 658.4038011 OLS |p 005200024137 |q 005200024137 |t BK |y 0 | ||
| 901 | |a BIBL2-2005-3 | ||
| 909 | |a Χ |b 119815 | ||
| 909 | |a Χ |b 112186 | ||
| 970 | |a ΧΑΖΙΡΗ |b ΑΝΝΑ |z 2005/12/12 | ||